000 00913nas a2200313 4500
001 BR2014004944
003 BR-BrBNA
005 20231205124353.0
007 ta
008 230509b bl.|||p| |||| 00| 00por d
040 _aBR-BrBNA
_bpor
_cBiblioteca Nacional de Agricultura
041 _a(En)
072 _aJ10
100 1 _aZamariola, N.
100 1 _aOliveira, J.A.
100 1 _aGomes, L.A.A.
100 1 _aJácome, M.F.
100 1 _aReis,m L.V.
245 1 _aEffect of drying, pelliculation and storage on the physiological quality of eggplant seeds
650 _aBERINGELA
650 _aSEMENTE
650 _aSECAGEM
650 _aFISIOLOGIA VEGETAL
650 _aARMAZENAMENTO
650 _aQUALIDADE
773 0 _tJournal of Seed Science (Brazil)
_xISSN 2317-1537
_g(Jun 2014), v. 36(2) p. 240-245
_wBR2014004944
909 _a202311
_bLúcia
_c55
_dLúcia Elande
942 _2AGRIS
_n0
_cANA
999 _c238723
_d238723